Quizzes
Events
Quiz Creation
Community
Videos
Private Events
Remove Ads
Sign In
Join for FREE
Feedback
Dark Mode
Quiz Categories
Sports
Geography
Music
Movies
Television
Just For Fun
Miscellaneous
History
Literature
Language
Science
Gaming
Entertainment
Religion
Holiday
For Kids
Quiz Lab
Recent
Popular Today
Quiz Kudos Today
Editor Picks
Curator Picks
Quizzes by...
Day
Popularity
Type
Ratings
Length
Year
Community
Subscriptions
Recent Discussions
Orange Saloon
Badges
Playlists
Quests
Create
Leaderboards
Showdown
Live 5
Trivia Bingo
Activity
Puzzle Library
Sporcle Events
Private Events
Virtual Trivia
Globe League
Become a Host
Pub Owners
SporcleCon
Opinionation
Our Games
Videos
Blog
Mobile Apps
Partnerships
Remove Ads and Go Orange
Feedback
Sports
Athletes
MLB
NBA
NHL
NFL
Soccer
Sports Teams
WWE
NCAA
Football
Premier League
Basketball
Baseball
Hockey
Golf
Tennis
Cricket
Rugby
Auto Racing
Olympics
World Cup
Sports
Athletes
MLB
NBA
NHL
NFL
Soccer
Sports Teams
WWE
NCAA
Football
Premier League
Basketball
Baseball
Hockey
Golf
Tennis
Cricket
Rugby
Auto Racing
Olympics
World Cup
Random Quiz
Search Sporcle
×
Quiz Lab
Quiz Lab
Sports
Football
Type in answers that appear in a list
Type in answers that appear in a list
Classic
Best Score? Go Orange.
Giants vs. Dodgers Stats
Can you name the facts about the MLB about the Los Angeles Dodgers and the San Francisco Giants?
By
lazeeeyes
8m
52 Questions
211 Plays
211 Plays
211 Plays
Comments
Comments
Give Quiz Kudos
Give Quiz Kudos
-
- Ratings
hide this ad
More Info
Replay
Link that replays current quiz
Next Quiz
Link to next quiz in quiz playlist
You Got
0%
They Got
Avg Score
59%
Avg Friend Score
Upgrade to see
Score Distribution
Jump to the score distribution portion of the page
Score
0/52
Timer
08:00
0
Plays Today
% Correct
Los Angeles, CA
92.4%
San Francisco, CA
91.9%
Dodger Stadium
87.2%
6
81.5%
6
81.5%
AT&T Park
80.1%
Candlestick Park
80.1%
New York, NY
79.6%
Bruce Bochy
78.7%
1958
78.2%
1958
78.2%
2010
78.2%
2010
78.2%
Barry Bonds (2004)
76.3%
Barry Bonds (2001 - 73 HR)
76.3%
Brooklyn, NY
75.8%
Tim Lincecum (2009)
75.4%
Tim Lincecum (2010 - 231 K)
75.4%
1988
70.6%
1988
70.6%
Don Mattingly
68.7%
Polo Grounds
64.5%
Ebbets Field
63.5%
12
63.5%
7
63%
Buster Posey (2010)
62.6%
% Correct
Dusty Baker (2000)
57.8%
Fresno Grizzlies (Pacific Coast League)
56.9%
Brian Sabean
55.5%
1905
54.5%
1905
54.5%
1955
54%
Scottsdale, AZ
53.1%
21
51.7%
22
47.4%
Atlantics, Bridegrooms, Trolley Dodgers, Superbas, Robins
46.4%
Tommy Lasorda (1988)
46%
Los Angeles Memorial Coliseum
43.1%
1883
42.7%
1883
42.7%
Glendale, AZ
42.2%
Ned Colletti
38.9%
Kirk Gibson (1988)
38.9%
Eric Gagne (2003)
37.4%
1916
36.5%
Albuquerque Isotopes (Pacific Coast League)
33.2%
Hideo Nomo (1995 - 236 K)
26.5%
Gothams
26.1%
Major League Baseball
23.2%
Todd Hollandsworth (1996)
23.2%
Adrian Beltre (2004 - 48 HR)
22.3%
Bill Neukom
19%
Quiz Playlist
Details
Report
Send in Message
Add To Playlist
More Info:
*As of April 20, 2011.
Classic:
Type in answers that appear in a list
Quiz Source
Last Updated: Feb 16, 2017
Quiz Scoreboard
CHALLENGE
Sign Up to Join the Scoreboard
Show All
Scores
Hide
Comments
May contain spoilers
Recently Published
Movies - When Are They Set?
by FPL_Elf
Movies
5m
Popular People in 1961
by mucciniale
History
6m
1-10 Letter E Words III
by El_Dandy
Language
2m
More to Explore
Quiz From the Vault
Featured Blog Post
Where Did the Easter Bunny Come From?
hide this ad
You Might Also Like...
Tags
Baseball Quiz
Football Quiz
MLB Quiz
Between
Los Angeles
San Francisco
Today's Top Quizzes in Sports
Browse Sports
hide this ad
Today's Top Quizzes in Football
Browse Football
Top Contributed Quizzes in Sports
1
Les meilleurs buteurs des matchs entre le PSG et l’OM
2
FIFA Club World Cup Champions
3
Les entraîneurs de l'OM et du PSG au 21e siècle
4
2022 World Cup Stars
5
Name the Premier League winners with different clubs
6
La finale Lions - Afrique du Sud 2021
7
Criteria MLB: Left Handed Sluggers
8
Les joueurs passés par le LOSC et le RC Lens
9
Players with Multiple 50 Home Run Seasons
10
MLB Players with Two .350 Batting Average Seasons
Explore More
Trending Topics
Anime
Marvel
Kpop
Disney
Crossword
Harry Potter
NBA
Pokémon
NFL
Song
WWE
Puzzle
Soccer
The Office
Country
hide this ad
More By:
lazeeeyes
Quiz
Plays
Rating
Category
Featured
Created
Lakers vs. Celtics Finals (Year)
4,176
3.00
Sports
May 30, 2010
US TV Shows with opposite titles
881
3.77
Television
Nov 9, 2009
Types of ice hockey penalties
586
2.67
Sports
Oct 23, 2009
Evening News Anchors (US Networks)
465
5.00
Television
Oct 18, 2009
Missions of California
351
5.00
History
Oct 10, 2009
Go to Creator's Profile
Score Distribution
Quiz Creator Spotlight
lazeeeyes
Follow
Send a Message
Quizzes Created
-
Created Quiz Play Count
-
More By This Creator
Popular Quizzes Today
1
Find the Countries of Europe - No Outlines Minefield
2
Find the US States - No Outlines Minefield
3
The Countries of the World
4
Popular People in 1961
5
US States
6
1-10 Letter E Words III
7
Find the US States
8
One Thing in Common: World Cities II
More Sports Quizzes
Top 20 Youngest Players to enter the ATP Top 10
Quiz Lab
Trending Quizzes
Risky Map Clicking: Least Populous States A-Z
1-10 Letter F Words
Humor Books: The Subtitles
1-10 Letter G Words
One Thing in Common: United Kingdom
Recently Updated
Leaping Animals
pecheneg
Reality TV Shows (A-Z)
bhenderson79
Rickey Henderson's Hall of Fame Teammates
pecheneg
Champions League XIs: Arsenal
pecheneg
Quick Pick: Celebrities in WWE's Hall of Fame
aduchscher
A-Z Keypad Blitz II
pecheneg
Multiple Oscar Actors
pecheneg
Mystery Phrase Blitz: Oscar 'Best Actors'
pecheneg
F. Scott Fitzgerald Novels
LTH
Pick 3 Villains
ddd62291
Trending Topics
Harry Potter
Anime
Crossword
Kpop
Disney
Marvel
NBA
Song
Country
Soccer
Puzzle
Pokémon
The Office
WWE
NFL
Your Account Isn't Verified!
In order to create a playlist on Sporcle, you need to verify the email address you used during registration. Go to your
Sporcle Settings
to finish the process.
Report this User
Report this user for behavior that violates our
Community Guidelines
.
Details:
Send Report
Go to the Sporcle.com Mobile Site →
Comments